000 00368cam a2200157ua 4500
041 _aeng
_h
082 _a028.72621
_bPEA/JE
100 _aPeace, A .
245 _aJet engine manual /
_cA Peace.
_hTextual Documents
250 _a1 /
_b.
260 _aLondon :
_bGeorge Newnes Ltd ,
_c1961.
300 _a155 ; .
504 _a
942 _cBK
999 _c6752
_d6752